Network Management : Concepts and Practice : A Hands-on-Approach /
Obra sobre la administración de redes de computadoras en que se utiliza el paquete Network Management System para demostrar los conceptos descritos a lo largo del texto. Entre otros temas, aborda las responsabilidades del administrador de la red; configuración del escritorio y de los dispositivos de...
Guardat en:
| Autor principal: | |
|---|---|
| Format: | Llibre |
| Idioma: | anglès |
| Publicat: |
Upper Saddle River, EUA :
Prentice-Hall,
2004, c2004
|
| Matèries: | |
| Etiquetes: |
Sense etiquetes, Sigues el primer a etiquetar aquest registre!
|
MARC
| LEADER | 00000nam^a2200000^a^4500 | ||
|---|---|---|---|
| 001 | 000153087 | ||
| 005 | 20250521000000.0 | ||
| 009 | 20260310100305.787 | ||
| 020 | |a 0-13-032950-9 | ||
| 037 | |a Acervo ITESO - Biblioteca | ||
| 041 | |a ING | ||
| 082 | |a 621. 38217 |b BUR | ||
| 100 | |a Burke, J. Richard |e (autor) | ||
| 245 | 1 | 0 | |a Network Management : |b Concepts and Practice : A Hands-on-Approach / |c J.R. Burke. |
| 264 | 4 | |a Upper Saddle River, EUA : |b Prentice-Hall, |c 2004, c2004 | |
| 300 | |a XXII, 519 p. + |e 1 disco compacto de computadora | ||
| 336 | |a texto |b txt |2 rdacontenido | ||
| 337 | |a sin mediación |b n |2 rdamedio | ||
| 338 | |a volumen |b nc |2 rdasoporte | ||
| 520 | |a Obra sobre la administración de redes de computadoras en que se utiliza el paquete Network Management System para demostrar los conceptos descritos a lo largo del texto. Entre otros temas, aborda las responsabilidades del administrador de la red; configuración del escritorio y de los dispositivos de la red; descripción de las bases para el manejo de información de RMON1 y RMON2 y su uso para desplegar y analizar el tráfico en la red; resumen de los sistemas de administración de redes comerciales, categorizados por capacidad y precio. Incluye gráficos que organizan los detalles de la puesta en funcionamiento de la red y de las estrategias de administración, y tablas en que se desmenuzan los grandes detalles de la administración de redes; cómo acceder, compilar y usar dispositivos específicos para las bases para el manejo de información. | ||
| 649 | |a XX | ||
| 650 | |a Redes de Computadoras - |x Diseño y Construcción | ||
| 650 | |a Redes de Computadoras - |x Administración | ||
| 650 | |a Comunicación en Red | ||
| 650 | |a Telecomunicaciones | ||
| 650 | |a Sistemas Computacionales | ||
| 650 | |a Ingeniería Computacional | ||
| 910 | |a Fondo General | ||
| 920 | |a Impresos - Libros | ||
| 930 | |a Colección General | ||
| 905 | |a 101 | ||
| 901 | |a 0500082204 |b IT1 |c ACC |u 20250521 | ||
| 901 | |a 0500082210 |b IT2 |c SWS |u 20250521 | ||
| 901 | |a 0500100481 |b IT1 |c ACC |u 20250521 | ||
| 901 | |a 0500100552 |b IT2 |c SWS |u 20250521 | ||
| 902 | |a https://opac.biblio.iteso.mx/vufind/Record/000153087 | ||